El hombre y su doble origen

Saved in:
书目详细资料
主要作者: Dürckheim, Karlfried (Author)
格式: 图书
语言:西班牙语
出版: Santiago Cuatro vientos 1982
主题:
标签: 添加标签
没有标签, 成为第一个标记此记录!

MARC

LEADER 00000nam a2200000 a 4500
001 UCY9662
003 CL-VaPUC
008 950717e19820000CL |||||||||||||||||spa|d
082 0 4 |a 301  |b DUR  |2 21 
100 0 |a Dürckheim, Karlfried  |e author  |9 342152 
245 1 3 |a El hombre y su doble origen 
300 |a 250 p 
942 |c BK 
945 |d 19950717 00:00:00  |a lriquelm 
260 |a Santiago  |b Cuatro vientos  |c 1982 
650 0 |a Naturaleza humana   |9 308593 
650 7 |a HOMBRE  |2 CL-VaPUC  |9 262149 
650 0 |a Misticismo  |9 265505 
650 0 |a Antropología   |9 233030 
583 |a last modification  |c 19950717 00:00:00  |k Rodrigo Vera 
999 |c 236714  |d 236712 
952 |0 0  |1 0  |4 0  |6 301_000000000000000_DUR_1982  |7 0  |8 P  |9 244979  |a BIBEDU  |b BIBEDU  |c BIBEDU_PB  |d 2019-11-18  |i 1532782  |o 301 DUR 1982  |p 1532782  |r 2024-01-25  |w 2019-11-18  |y BK  |k EDU 
952 |0 0  |1 0  |4 0  |6 301_000000000000000_DUR_1982  |7 0  |8 A  |9 244980  |a BIBGIM  |b BIBGIM  |d 2019-11-18  |i 3416593  |o 301 DUR 1982  |p 3416593  |r 2025-01-15  |w 2019-11-18  |y BK  |k ORI